Essential computational modeling for the human body (Record no. 31366)

MARC details
000 -LEADER
fixed length control field 00604nam a2200157 a 4500
008 - FIXED-LENGTH DATA ELEMENTS--GENERAL INFORMATION
fixed length control field 160217s2011 ||||||||||||||||| || u
020 ## - INTERNATIONAL STANDARD BOOK NUMBER
International Standard Book Number 9780444537553
050 ## - LIBRARY OF CONGRESS CALL NUMBER
Classification number T 55.3H3 Ess
100 ## - MAIN ENTRY--PERSONAL NAME
Personal name Ciarlet, P.G
245 10 - TITLE STATEMENT
Title Essential computational modeling for the human body
Statement of responsibility, etc. Edited by P.G. Ciarlet
260 ## - PUBLICATION, DISTRIBUTION, ETC.
Place of publication, distribution, etc. Amsterdam
Name of publisher, distributor, etc. Elsevier
Date of publication, distribution, etc. 2011
300 ## - PHYSICAL DESCRIPTION
Extent ix, 460p.: ill.
350 ## -
-- 85.95
650 #0 - SUBJECT ADDED ENTRY--TOPICAL TERM
Topical term or geographic name entry element CONTROL THEORY
995 ## -
-- MEDICAL LIBRARY OPEN ACCESS
-- 903412
-- CBU-SCHOOL OF MEDICINE LIBRARY (Ndola)
-- 85.95
-- T 55.3H3 Ess
-- 1
-- AVAILABLE
-- Apr 12, 2016
-- 903412
-- Medical Library Open Access Collection
999 ## -
-- 31366
-- 31366
Holdings
Withdrawn status Lost status Source of classification or shelving scheme Damaged status Not for loan Permanent Location Current Location Shelving location Date acquired Total Checkouts Full call number Barcode Date last seen Price effective from Koha item type
          CBU-SCHOOL OF MEDICINE LIBRARY, NDOLA. CBU-SCHOOL OF MEDICINE LIBRARY, NDOLA.   11/30/2022   T 55.3H3 Ess 903412 11/30/2022 11/30/2022 MONOGRAPH